| 000 | 005200000a22002050004500 | ||
|---|---|---|---|
| 005 | 20120302061339.0 | ||
| 942 | _cBOOK | ||
| 100 | _a Mitterwallner, Gritl: Von | ||
| 245 | _a Kusana Coins and Kusana Sculpture from Mathura. | ||
| 260 | _aMathura: The Government Museum, 1986. | ||
| 300 | _a211,74p. | ||
| 490 | _aGrowse Memorial Lectures-4 | ||
| 040 | _aENG | ||
| 365 | _bRs.150/- | ||
| 650 | _aArt | ||
| 650 | _aSculptures | ||
| 650 | _aMathura-Sculptures | ||
| 650 | _aKusana-Coins | ||
| 650 | _aChronology | ||
| 999 |
_c353715 _d353712 |
||